=LDR 00000nam 2200000 4500 =001 INLIS000000000049078 =005 20170119143941.0 =006 =007 =008 =020 ##$$a 978-979-1648-25-7 =035 ##$$0010-011700000000359 =040 ##$$a NBPDMAT =082 ##$$a 650.1 =090 ##$$a 650.1 Mus p =100 ##$$a M. Musrafi =245 ##$$a Potensi preneus : $b menemukan ide usaha yang sesuai bakat muda / $c M. Musrofi ; editor Team Talent Center =260 ##$$a Surakarta : $b Talenta Center, $c 2011 =300 ##$$a x, 186 hlm. : $b ilus. ; $c 23 cm. =650 ##$$a Bisnis